Aesthetics and language; (Record no. 122349)
[ view plain ]
| 000 -LEADER | |
|---|---|
| fixed length control field | 00774mam a2200265u 4500 |
| 001 - CONTROL NUMBER | |
| control field | 1765433 |
| 003 - CONTROL NUMBER IDENTIFIER | |
| control field | ARRUPE |
| 005 - DATE AND TIME OF LATEST TRANSACTION | |
| control field | 20150414141055.0 |
| 008 - FIXED-LENGTH DATA ELEMENTS--GENERAL INFORMATION | |
| fixed length control field | 920909s1954 nyu b 000 0 eng d |
| 010 ## - LIBRARY OF CONGRESS CONTROL NUMBER | |
| LC control number | 54012049 //r |
| 035 ## - SYSTEM CONTROL NUMBER | |
| System control number | (OCoLC)ocm29438473 |
| 035 ## - SYSTEM CONTROL NUMBER | |
| System control number | (NNC)1765433 |
| 040 ## - CATALOGING SOURCE | |
| Original cataloging agency | PAU |
| Transcribing agency | PAU |
| Modifying agency | MIA |
| -- | WEA |
| 050 0# - LIBRARY OF CONGRESS CALL NUMBER | |
| Classification number | BH41 |
| Item number | .E4 |
| 082 00 - DEWEY DECIMAL CLASSIFICATION NUMBER | |
| Classification number | 701.17 |
| -- | 101* |
| 300 ## - PHYSICAL DESCRIPTION | |
| Dimensions | 23 cm. |
| 100 1# - MAIN ENTRY--PERSONAL NAME | |
| Personal name | Elton, William R. (ed.) |
| Dates associated with a name | 1921-2000, |
| Relator term | editor. |
| 9 (RLIN) | 16031 |
| 245 10 - TITLE STATEMENT | |
| Title | Aesthetics and language; |
| Remainder of title | essays |
| Statement of responsibility, etc | by W.B. Gallie [and others] |
| 260 ## - PUBLICATION, DISTRIBUTION, ETC. (IMPRINT) | |
| Place of publication, distribution, etc | Oxford, |
| Name of publisher, distributor, etc | Basil Blackwell |
| Date of publication, distribution, etc | [1959] |
| 300 ## - PHYSICAL DESCRIPTION | |
| Extent | vi, 186 p. |
| 504 ## - BIBLIOGRAPHY, ETC. NOTE | |
| Bibliography, etc | Bibliographical footnotes. |
| 650 #0 - SUBJECT ADDED ENTRY--TOPICAL TERM | |
| Topical term or geographic name as entry element | Aesthetics. |
| 9 (RLIN) | 16032 |
| 700 1# - ADDED ENTRY--PERSONAL NAME | |
| Personal name | Gallie, W. B., |
| Dates associated with a name | 1912-1998. |
| 9 (RLIN) | 16033 |
| 942 ## - ADDED ENTRY ELEMENTS (KOHA) | |
| Source of classification or shelving scheme | Library of Congress Classification |
| Koha item type | Monograph ( Printed materials) |
| Withdrawn status | Lost status | Source of classification or shelving scheme | Damaged status | Not for loan | Collection code | Home library | Current library | Shelving location | Date acquired | Total Checkouts | Full call number | Barcode | Date last seen | Price effective from | Koha item type |
|---|---|---|---|---|---|---|---|---|---|---|---|---|---|---|---|
| Library of Congress Classification | Main Collection | ARRUPE LIBRARY | ARRUPE LIBRARY | Main Collection | 09/03/2015 | BH41 .E4 | 46500002721 | 19/09/2016 | 09/03/2015 | Monograph ( Printed materials) |